| 000 | 00820nab a2200241 u 4500 | ||
|---|---|---|---|
| 001 | 14677 | ||
| 003 | HDC | ||
| 007 | cr bn ---aaaaa | ||
| 008 | 210215b2017mmddmy d||no |||| 00| 0 may d | ||
| 040 | _aHDC | ||
| 245 | 0 |
_aPKS digesa manfaat peruntukan besar dalam Bajet 2018 - Ahmad Maslan _c/ Astro Awani |
|
| 260 |
_aMalaysia: _bAstro AWANI Network Sdn. Bhd, _c2017 |
||
| 300 | _a1 online resource | ||
| 336 |
_atext _2rdacontent |
||
| 337 |
_acomputer _2rdamedia |
||
| 338 |
_aonline resource _2rdacarrier |
||
| 650 |
_aSmall business _xFinance _910982 |
||
| 710 | _aAstro Awani | ||
| 856 | _zRequest full-text at [email protected] | ||
| 942 | _2lcc | ||
| 942 | _cNEWS | ||
| 942 | _kNWSO 003727 | ||
| 999 |
_c11993 _d11993 |
||